000
00233nam a2200097Ia 4500
001
755116
005
20250826164753.0
008
250824s9999 xx 000 0 und d
245
0
_a
SÜPER BEYİNLER
_c
OĞUZ SAYGIN
260
_b
GENÇ HAYAT
999
_c
755116
_d
755116